000 00429 a2200109 4500
001 ART_3473
005 20260410161715.0
008 260409a
245 1 0 _aLa difusión de tecnología de punta en la Argentina:El caso de las maquinas herramientas con control numérico, el CAD/CAM y los robots
100 1 _aChudnovsky, Daniel
773 0 _tDesarrollo económico
_g- Vol. 24, Nº 96 (ene./mar. 1985)
_wREV1174
999 _c16421
_d16421